Studying on fowl pox disease of hybrid chicken meat and theirs antibodies through haemagglutination-and haemagglutination inhibitor-test at royal university of agriculture, ការសិក្សាលើជំងឺអុតរបស់មាន់សាច់កូនកាត់ និងអង់ទីគ័ររបស់តាមរយៈ HAEMAGGLUTINATION-AND HAEMAGGLUTINATION INHIBITOR-TESTនៅសាលើវិទ្យាល័យភូមិន្ទកសិកម្ម (Record no. 2734)

000 -LEADER
fixed length control field 00858nam a22001577a 4500
003 - CONTROL NUMBER IDENTIFIER
control field OSt
005 - DATE AND TIME OF LATEST TRANSACTION
control field 20151026143157.0
008 - FIXED-LENGTH DATA ELEMENTS--GENERAL INFORMATION
fixed length control field 151026b xxu||||| |||| 00| 0 eng d
040 ## - CATALOGING SOURCE
Transcribing agency RUA
082 ## - DEWEY DECIMAL CLASSIFICATION NUMBER
Classification number AVM PIC 2013 B110 Or.1
100 ## - MAIN ENTRY--PERSONAL NAME
9 (RLIN) 2916
Personal name PICH, SREYNETH.
245 ## - TITLE STATEMENT
Title Studying on fowl pox disease of hybrid chicken meat and theirs antibodies through haemagglutination-and haemagglutination inhibitor-test at royal university of agriculture, ការសិក្សាលើជំងឺអុតរបស់មាន់សាច់កូនកាត់ និងអង់ទីគ័ររបស់តាមរយៈ HAEMAGGLUTINATION-AND HAEMAGGLUTINATION INHIBITOR-TESTនៅសាលើវិទ្យាល័យភូមិន្ទកសិកម្ម
260 ## - PUBLICATION, DISTRIBUTION, ETC. (IMPRINT)
Place of publication, distribution, etc. Phnom Penh
Name of publisher, distributor, etc. RUA
Date of publication, distribution, etc. 2013
300 ## - PHYSICAL DESCRIPTION
Extent ix; 32p.
Other physical details ill.
Dimensions 29cm.
942 ## - ADDED ENTRY ELEMENTS (KOHA)
Source of classification or shelving scheme
Koha item type ATM.s
Holdings
Price effective from Date last seen Permanent Location Not for loan Date acquired Source of classification or shelving scheme Koha item type Barcode Lost status Damaged status Shelving location Withdrawn status Current Location Full call number
2015-10-262015-10-26Library Block B 2015-10-26 ATM.sRUA008888  B110 Library Block BAVM PIC 2013 B110 Or.1
2015-10-262015-10-26Library Block B 2015-10-26 ATM.sRUA008664  B110 Library Block BAVM PIC 2013 B110 Or.2
2015-10-262015-10-26Library Block B 2015-10-26 ATM.sRUA008934  B110 Library Block BAVM PIC 2013 B110 Or.3
2015-10-262015-10-26Library Block B 2015-10-26 ATM.sRUA008790  B110 Library Block BAVM PIC 2013 B110 Or.4
2015-10-262015-10-26Library Block B 2015-10-26 ATM.sRUA015574  B110 Library Block BAVM PIC 2013 B110 Or.5
2015-10-262015-10-26Library Block B 2015-10-26 ATM.sRUA015579  B110 Library Block BAVM PIC 2013 B110 Or.6
2015-10-262015-10-26Library Block B 2015-10-26 ATM.sRUA015810  B110 Library Block BAVM PIC 2013 B110 Or.7
2015-10-262015-10-26Library Block B 2015-10-26 ATM.sRUA015738  B110 Library Block BAVM PIC 2013 B110 Or.8
2019-06-292019-06-29Library Block B 2019-06-29 ATM.sA35685  B1.238 Library Block BAVM PIC 2013 B1.238 Or.1
មជ្ឈមណ្ឌលឯការនៃសាកលវិទ្យាល័យភូមិន្ទកសិកម្មចំការដូង

Powered by Koha